| 000 | 00791nam a22002411 4500 | ||
|---|---|---|---|
| 001 | bimo0001000127 | ||
| 003 | OSt | ||
| 005 | 20140731213002.0 | ||
| 008 | 920725m19421943po por | ||
| 035 | _a(OCoLC)431926252 | ||
| 040 |
_aSpMaBN _cBMC |
||
| 082 | _a910.45 | ||
| 245 | 0 | 0 |
_aHistória trágico-marítima _ccompilada por Bernardo Gomes de Brito ; publicada bajo la dirección de Damián Pérez ; [traducción española y nota preliminar de P. Blanco Suárez] |
| 250 | _a2ª ed | ||
| 260 | 0 |
_aBuenos Aires _bEspasa-Calpe Argentina _c1948 |
|
| 300 |
_a213 p. _c18 cm |
||
| 490 |
_aAustral _v825 |
||
| 650 |
_9611 _aNaufragios _xHistoria |
||
| 700 | 1 |
_9609 _aGomes de Brito, Bernardo |
|
| 700 | 1 |
_9736 _aPeres, Damião |
|
| 700 | 1 |
_9610 _aBlanco Suárez, Pedro |
|
| 942 |
_2ddc _cBK |
||
| 999 |
_c517 _d517 |
||